INTERNATIONAL FINANCIAL MANAGEMENT (Record no. 9033)

MARC details
000 -LEADER
fixed length control field 01543nam a22001697a 4500
003 - CONTROL NUMBER IDENTIFIER
control field SGT
020 ## - INTERNATIONAL STANDARD BOOK NUMBER
International Standard Book Number 9789339205362
082 ## - DEWEY DECIMAL CLASSIFICATION NUMBER
Classification number 658.1599,APT
100 ## - MAIN ENTRY--PERSONAL NAME
Personal name APTE,P.G
245 ## - TITLE STATEMENT
Title INTERNATIONAL FINANCIAL MANAGEMENT
250 ## - EDITION STATEMENT
Edition statement 7TH
260 ## - PUBLICATION, DISTRIBUTION, ETC. (IMPRINT)
Place of publication, distribution, etc NEW DELHI
Name of publisher, distributor, etc TMH
Year of Publication 2015
300 ## - PAGE DESCRIPTION
No. of Pages 762
650 ## - SUBJECT ADDED ENTRY--TOPICAL TERM
Topical term or geographic name as entry element INTERNATIONAL FINANCIAL MANAGEMENT
653 ## - KEYWORDS--INDEX TERM
Keyword term CHAPTER 1: FINANCIAL MANAGEMENT IN A GLOBAL CONTEXT CHAPTER 2: OBJECTIVES OF THE FIRM AND THE IMPACT OF RISK CHAPTER 3: THE NATURE AND MEASUREMENT OF EXPOSURE AND RISK CHAPTER 4: THE BALANCE OF PAYMENTS CHAPTER 5: THE INTERNATIONAL MONETARY SYSTEM CHAPTER 6: GLOBAL FINANCIAL MARKETS AND INTEREST RATES CHAPTER 7: THE FOREIGN EXCHANGE MARKET CHAPTER 8: FORWARDS, SWAPS AND INTEREST PARITY CHAPTER 9: CURRENCY AND INTEREST RATE FUTURES CHAPTER 10: CURRENCY OPTIONS CHAPTER 11: EXCHANGE RATE DETERMINATION AND FORECASTING CHAPTER 12: CORPORATE EXPOSURE MANAGEMENT POLICY CHAPTER 13: HEDGING, SPECULATION AND MANAGEMENT OF TRANSACTIONS EXPOSURE CHAPTER 14: MANAGEMENT OF OPERATING EXPOSURE CHAPTER 15: MANAGEMENT OF INTEREST RATE EXPOSURE FRAS, INTEREST RATE CAPS AND FLOORS CHAPTER 16: FINANCIAL SWAPS AND CREDIT DERIVATIVES CHAPTER 17: SHORT-TERM FINANCIAL MANAGEMENT IN A MULTINATIONAL CORPORATION CHAPTER 18: INTERNATIONAL EQUITY INVESTMENT CHAPTER 19: LONG-TERM BORROWING IN THE GLOBAL CAPITAL MARKETS CHAPTER 20: INTERNATIONAL PROJECT APPRAISAL CHAPTER 21: ACCOUNTING IMPLICATIONS OF INTERNATIONAL ACTIVITIES CHAPTER 22: TAX IMPLICATIONS OF INTERNATIONAL ACTIVITIES"
942 ## - ADDED ENTRY ELEMENTS (KOHA)
Source of classification or shelving scheme Dewey Decimal Classification
Koha item type FCM Books
Holdings
Withdrawn status Lost status Source of classification or shelving scheme Damaged status Not for loan Collection code Home library Current library Shelving location Date acquired Vendor Name Cost, normal purchase price SGTU Bill Number Total Checkouts Full call number Accession No. (Barcode) Date last seen Date last borrowed Bill Date Koha item type
    Dewey Decimal Classification     COMMERCE MANAGEMENT SGT Science & Social Sciences Library SGT Science & Social Sciences Library On Display 15/06/2016 KIRTI PRAKASHAN 740.00 SGTU 2705 10 658.1599,APT CM792 02/12/2017 02/12/2017 14/08/2015 FCM Books
    Dewey Decimal Classification   Not For Loan COMMERCE MANAGEMENT SGT Science & Social Sciences Library SGT Science & Social Sciences Library Reference Book 15/06/2016 KIRTI PRAKASHAN 740.00 SGTU 2705   658.1599,APT CM793 15/06/2016   14/08/2015 FCM Books
    Dewey Decimal Classification     COMMERCE MANAGEMENT SGT Science & Social Sciences Library SGT Science & Social Sciences Library On Display 15/06/2016 KIRTI PRAKASHAN 740.00 SGTU 2705 5 658.1599,APT CM794 02/12/2017 02/12/2017 14/08/2015 FCM Books